000 00609nam a2200205 i 4500
001 130060
003 ES-MaACL
005 20240501063046.0
007 t|
008 070717s1983 sp ||||1| spa d
100 1 _aZúñiga, Juan Eduardo,
_d1919-2020
_9118516
245 1 3 _aEl anillo de Pushkin... /
_cJuan Eduardo Zúñiga.
250 _a[1ª ed.].
260 _a[Barcelona] :
_bBruguera,
_c[1983]
300 _a203 p. ;
_c19 cm.
490 1 _aNarradores de hoy ;
_v82
830 0 _aNarradores de hoy ;
_v82
_9182895
852 _aES-MaACL
_jL-7921
_bR.106861
999 _c130060
_d130060